Dollhouse - Melanie Martinez Lyrics - Statistics

General Stats
  • This quiz has been taken 5,426 times
  • The average score is 330 of 409
Answer Stats
Lyrics % Correct
D
99%
E
99%
H
99%
O
99%
S
99%
L
98%
a
97%
I
97%
you
97%
You
97%
the
96%
U
96%
your
96%
doll
94%
with
94%
be
93%
perfect
93%
we
93%
No
91%
don't
90%
Don't
90%
see
90%
Go
89%
that
89%
family
88%
girl
88%
Hey
88%
hey
88%
on
88%
ever
87%
Mom
87%
mom
87%
play
87%
please
87%
Please
87%
and
86%
And
86%
in
84%
open
84%
dolls
83%
is
83%
let
83%
them
82%
walls
82%
look
79%
slut
79%
smoking
79%
son
79%
We'll
79%
When
79%
when
79%
Dad's
78%
things
78%
up
78%
wake
78%
else
76%
kitchen
76%
nobody
76%
one
76%
Everyone
75%
Places
75%
places
75%
thinks
75%
we're
75%
see's
74%
what
74%
for
73%
listens
73%
away
71%
brother
71%
get
71%
sister?
71%
through
71%
curtains
70%
goes
70%
Picture
70%
picture
70%
smile
70%
cannabis
69%
faces
69%
really
69%
down
68%
good
68%
me
68%
put
68%
say
67%
hear
66%
wallpaper
66%
Pose
65%
walk
65%
it
64%
won't
64%
dress
62%
this
61%
glistens
60%
at
56%
she
56%
Throw
51%
her
48%
my
48%
she's
48%
you're
47%
going
46%
got
46%
back
45%
Ha
44%
it's
44%
turn
43%
flask
42%
blinded
41%
by
41%
out
41%
to
39%
pulls
37%
forgets
35%
plastic
31%
jewelry
30%
his
29%
being
25%
infidelity
25%
attic
24%
coming
22%
Uh-oh
16%
No matching quizzes found
Score Distribution
Percent of People with Each Score
Percentile by Number Answered
Your Score History
You have not taken this quiz